000
00317nam a22001457a 4500
003
SGT
020
_a
978-81-312-3316-0
082
_a
610.7362
_b
P13M
100
_a
MARLOW, DOROTHY R.
245
_a
TB. OF PEDIATRIC NURSING
250
_a
SA
260
_a
INDIA
_b
ELSEVIER
_c
2013
300
_a
1061
942
_2
ddc
_c
BK
999
_c
16563
_d
16563